000 00601nam a2200205 4500
001 113848
003 ES-MaACL
005 20230906190022.0
007 t|
008 061121s1945 sp r ||||1| spa d
100 1 _aNonell Masjuan, Carmen.
_9145483
245 1 3 _aEl cauce perdido
_b: novela /
_cCarmen Nonell ; portada e ilustraciones de Liébana.
260 _aMadrid :
_bAlhambra,
_c1945.
300 _a221 p., 1 lám. :
_bil. ;
_c16 cm.
490 1 _aEuropa
700 1 _aLiébana.
_972221
830 0 _aEuropa
_9233220
852 _aES-MaACL
_jB-10332
_bR.22218
999 _c113848
_d113848